MDQL
is popping MORE tags! Check the
thread
!
Quizzes
Events
Quiz Creation
Community
Videos
Private Events
Remove Ads
Sign In
Join for FREE
Feedback
Dark Mode
Quiz Categories
Sports
Geography
Music
Movies
Television
Just For Fun
Miscellaneous
History
Literature
Language
Science
Gaming
Entertainment
Religion
Holiday
For Kids
Quiz Lab
Recent
Popular Today
Quiz Kudos Today
Editor Picks
Curator Picks
Quizzes by...
Day
Popularity
Type
Ratings
Length
Year
Community
Subscriptions
Recent Discussions
Orange Saloon
Badges
Playlists
Quests
Create
Leaderboards
Showdown
Live 5
Trivia Bingo
Activity
Puzzle Library
Sporcle Events
Private Events
Virtual Trivia
Globe League
Become a Host
Pub Owners
SporcleCon
Opinionation
Our Games
Videos
Blog
Mobile Apps
Partnerships
Remove Ads and Go Orange
Feedback
Entertainment
Celebrity
Famous
Musical
Broadway
Show
Quote
Comic Books
Anime
Superhero
DC Comics
Marvel
Cartoons
Animation
Entertainment
Celebrity
Famous
Musical
Broadway
Show
Quote
Comic Books
Anime
Superhero
DC Comics
Marvel
Cartoons
Animation
Random Quiz
Search Sporcle
×
Quiz Lab
Quiz Lab
Entertainment
War
Type in answers that appear in a list
Type in answers that appear in a list
Classic
Best Score? Go Orange.
Kenner Star Wars Action Figures Stats
Can you name the Kenner Star Wars Action Figures?
By
Starling
15m
96 Questions
1,064 Plays
1,064 Plays
1,064 Plays
Comments
Comments
Give Quiz Kudos
Give Quiz Kudos
-
- Ratings
hide this ad
Replay
Link that replays current quiz
Next Quiz
Link to next quiz in quiz playlist
You Got
0%
They Got
Avg Score
59%
Avg Friend Score
Upgrade to see
Score Distribution
Jump to the score distribution portion of the page
Score
0/96
Timer
15:00
0
Plays Today
Wave/Year
Figure
% Correct
A -
Star Wars -
1977
Luke Skywalker
98.1%
A -
Star Wars -
1977
Han Solo
96.9%
A -
Star Wars -
1977
Princess Leia
95.7%
A -
Star Wars -
1977
Darth Vader
95.6%
A -
Star Wars -
1977
R2-D2
93.5%
A -
Star Wars -
1977
C-3PO
93%
A -
Star Wars -
1977
Chewbacca
92.9%
A -
Star Wars -
1977
Obi-Wan Kenobi
92.4%
A -
Star Wars -
1977
Stormtrooper
90.2%
C -
Star Wars -
1979
Boba Fett
87.9%
D and E -
Empire Strikes Back -
1980
Lando Calrissian
83.6%
D and E -
Empire Strikes Back -
1980
Yoda
83.5%
A -
Star Wars -
1977
Jawa
82%
B -
Star Wars -
1978
Greedo
79.6%
K and L -
Return Of The Jedi -
1984
Emperor
79.6%
K and L -
Return Of The Jedi -
1984
Wicket
75.8%
A -
Star Wars -
1977
Sand People
75.4%
B -
Star Wars -
1978
Hammerhead
74.3%
D and E -
Empire Strikes Back -
1980
IG-88
71.6%
F -
Empire Strikes Back -
1981
Lobot
70.5%
B -
Star Wars -
1978
Snaggletooth
69.8%
B -
Star Wars -
1978
Walrus Man
69.5%
D and E -
Empire Strikes Back -
1980
Bossk Bounty Hunter
69.5%
D and E -
Empire Strikes Back -
1980
Han Solo Hoth Outfit
66.4%
J -
Return Of The Jedi -
1983
Admiral Ackbar
66.4%
B -
Star Wars -
1978
R5-D4
66.3%
F -
Empire Strikes Back -
1981
Dengar
66.3%
J -
Return Of The Jedi -
1983
Bib Fortuna
65.3%
G, H and I -
Empire Strikes Back -
1982
4-LOM
64.1%
G, H and I -
Empire Strikes Back -
1982
Imperial Tie-Fighter Pilot
64.1%
G, H and I -
Empire Strikes Back -
1982
Zuckuss
63.7%
B -
Star Wars -
1978
Luke X-Wing Pilot
62.9%
Wave/Year
Figure
% Correct
D and E -
Empire Strikes Back -
1980
Princess Leia Bespin Gown
62.8%
F -
Empire Strikes Back -
1981
AT-AT Driver
62.5%
B -
Star Wars -
1978
Death Star Droid
61.7%
J -
Return Of The Jedi -
1983
Logray Ewok Medicine Man
61.2%
J -
Return Of The Jedi -
1983
Chief Chirpa
61%
B -
Star Wars -
1978
Power Droid
60.7%
D and E -
Empire Strikes Back -
1980
Bespin Security Guard
60.2%
G, H and I -
Empire Strikes Back -
1982
Bespin Security Guard
60.2%
G, H and I -
Empire Strikes Back -
1982
Luke Skywalker Hoth Battle Gear
59.9%
M -
Power Of The Force -
1985
Anakin Skywalker
59.5%
F -
Empire Strikes Back -
1981
Han Solo Bespin Outfit
58.6%
J -
Return Of The Jedi -
1983
Luke Skywalker Jedi Outfit
58.4%
F -
Empire Strikes Back -
1981
Ugnaught
58%
F -
Empire Strikes Back -
1981
Leia Hoth Outfit
57.6%
D and E -
Empire Strikes Back -
1980
Luke Skywalker Bespin Fatigues
57.5%
J -
Return Of The Jedi -
1983
Klaatu
57.1%
J -
Return Of The Jedi -
1983
Emperor's Royal Guard
57%
J -
Return Of The Jedi -
1983
Gamorrean Guard
56%
N -
Power Of The Force -
1985
Yak Face
55.6%
G, H and I -
Empire Strikes Back -
1982
Cloud Car Pilot
54.9%
G, H and I -
Empire Strikes Back -
1982
AT-AT Commander
54.5%
F -
Empire Strikes Back -
1981
Rebel Commander
54.4%
J -
Return Of The Jedi -
1983
Weequay
54.4%
A -
Star Wars -
1977
Death Squad Commander
53.9%
J -
Return Of The Jedi -
1983
Biker Scout
53.8%
K and L -
Return Of The Jedi -
1984
Nikto
53.1%
J -
Return Of The Jedi -
1983
General Madine
52.9%
J -
Return Of The Jedi -
1983
Nien Nunb
52.6%
K and L -
Return Of The Jedi -
1984
Rancor Keeper
52.6%
K and L -
Return Of The Jedi -
1984
B-Wing Pilot
52%
F -
Empire Strikes Back -
1981
Imperial Commander
51.8%
M -
Power Of The Force -
1985
Barada
50.9%
Wave/Year
Figure
% Correct
K and L -
Return Of The Jedi -
1984
Teebo
50.6%
F -
Empire Strikes Back -
1981
2-1B
49.7%
J -
Return Of The Jedi -
1983
Ree-Yees
49.6%
K and L -
Return Of The Jedi -
1984
AT-ST Driver
49.5%
K and L -
Return Of The Jedi -
1984
Paploo
49.5%
M -
Power Of The Force -
1985
Amanaman
49.2%
D and E -
Empire Strikes Back -
1980
Stormtrooper Hoth Battle Gear
48.6%
J -
Return Of The Jedi -
1983
Rebel Commando
48.6%
M -
Power Of The Force -
1985
Luke Skywalker Imperial Stormtrooper
48.4%
D and E -
Empire Strikes Back -
1980
FX-7
46.3%
J -
Return Of The Jedi -
1983
Squid Head
46.2%
M -
Power Of The Force -
1985
A-Wing Pilot
45.3%
M -
Power Of The Force -
1985
Imperial Dignitary
45%
K and L -
Return Of The Jedi -
1984
Prune Face
44.5%
M -
Power Of The Force -
1985
Imperial Gunner
43.3%
K and L -
Return Of The Jedi -
1984
8D8
43.2%
M -
Power Of The Force -
1985
EV-9D9
42.6%
K and L -
Return Of The Jedi -
1984
Lumat
41.9%
K and L -
Return Of The Jedi -
1984
Klaatu Skiff Guard
41.5%
J -
Return Of The Jedi -
1983
Lando Calrissian Skiff Guard
41.1%
M -
Power Of The Force -
1985
Han Solo in Carbonite
40.9%
D and E -
Empire Strikes Back -
1980
Rebel Soldier Hoth Battle Gear
40.1%
K and L -
Return Of The Jedi -
1984
Princess Leia Combat Poncho
40%
G, H and I -
Empire Strikes Back -
1982
C-3PO with Removable Limbs
39.9%
M -
Power Of The Force -
1985
Romba
39.9%
K and L -
Return Of The Jedi -
1984
Han Solo Trench Coat
39.8%
M -
Power Of The Force -
1985
Warok
38.7%
M -
Power Of The Force -
1985
Luke Skywalker Battle Poncho
38.5%
G, H and I -
Empire Strikes Back -
1982
R2-D2 with Sensorscope
37.8%
J -
Return Of The Jedi -
1983
Princess Leia Boushh Disguise
37.7%
M -
Power Of The Force -
1985
R2-D2 with Pop-Up Lightsaber
34.3%
M -
Power Of The Force -
1985
Lando Calrissian General
33%
Quiz Playlist
Details
Report
Send in Message
Add To Playlist
Classic:
Type in answers that appear in a list
Last Updated: Feb 16, 2017
Quiz Scoreboard
CHALLENGE
Sign Up to Join the Scoreboard
Show All
Scores
Hide
Comments
May contain spoilers
Recently Published
5x2 Blitz: Bands
by SL_Kpop136
Music
30s
Colored Red Africa Blitz
by spor1
Geography
30s
Find the 'City' Movie
by crazypaving
Movies
60s
More to Explore
Quiz From the Vault
Featured Blog Post
14 Easter Pick-up Lines to Find Eggs With
hide this ad
You Might Also Like...
Tags
War Quiz
Action
Kenner
star
Wars Action
Wave
Today's Top Quizzes in Entertainment
Browse Entertainment
hide this ad
Today's Top Quizzes in War
Browse War
Top Contributed Quizzes in Entertainment
1
Dragon Ball Z: Goku's Fights in Order
2
Marvel Classic Character Map
3
Marvel Characters Bunker
4
JoJo's Bizarre Logic Quiz
5
This is Your Life: Edward Elric
6
BOYS PLANET Quiz
7
Celebrity Spelling Bee
8
This is Your Life: Itachi Uchiha
9
One Piece Heroines Chapter Cover
10
Survivor Winners Logic Quiz
Explore More
Trending Topics
Crossword
Harry Potter
Kpop
Anime
NBA
Marvel
Disney
The Office
Country
Puzzle
Soccer
Pokémon
Song
NFL
WWE
hide this ad
More By:
Starling
Quiz
Plays
Rating
Category
Featured
Created
Kenner Star Wars Action Figures
1,064
3.22
Entertainment
Oct 16, 2009
Stations of the Cross
421
2.33
Religion
Oct 12, 2009
SNL Cast Members, Seasons 11 - 20
364
2.80
Entertainment
Oct 12, 2009
SNL Cast Members Seasons 21 - 30
340
2.80
Entertainment
Oct 16, 2009
SNL Cast Members, Seasons 1 - 10
332
4.00
Entertainment
Oct 12, 2009
Go to Creator's Profile
Score Distribution
Quiz Creator Spotlight
Starling
Follow
Send a Message
Quizzes Created
-
Created Quiz Play Count
-
More By This Creator
Popular Quizzes Today
1
Colored Red Africa Blitz
2
Find the US States - No Outlines Minefield
3
Find the 'City' Movie
4
5x2 Blitz: Bands
5
The Countries of the World
6
Find the US States
7
US States
8
Find the Countries of Europe - No Outlines Minefield
More Entertainment Quizzes
Celebrity Jigsaw Puzzles
Published
Trending Quizzes
Colored Red Europe Blitz I
Colored Red Europe Blitz II
Colored Red Africa Blitz II
Colored Red Europe Blitz III
Colored Red Africa Blitz III
Recently Updated
How Do You Spell That?
pecheneg
Godzilla Movies
pecheneg
Grab Bag: 4-10 Letters
pecheneg
2024 March Madness Bracket
pecheneg
Famous TV Couples
Peacemaker
Champions League XIs: Real Madrid
pecheneg
Largest US Cities 1790-2010
pecheneg
Rides in Walt Disney World
pecheneg
Most Oscar Losses (Acting)
pecheneg
Beyoncé Albums
pecheneg
Trending Topics
Disney
NBA
Marvel
Harry Potter
Kpop
Anime
Crossword
Soccer
Puzzle
Pokémon
NFL
WWE
Country
Song
The Office
Your Account Isn't Verified!
In order to create a playlist on Sporcle, you need to verify the email address you used during registration. Go to your
Sporcle Settings
to finish the process.
Report this User
Report this user for behavior that violates our
Community Guidelines
.
Details:
Send Report
Go to the Sporcle.com Mobile Site →
Comments